Contabilidad moderna 5 /
Guardado en:
| Autor Principal: | |
|---|---|
| Formato: | Libro |
| Publicado: |
Argentina :
Troquel,
1979
|
| Edición: | 10 |
| Materias: | |
| Etiquetas: |
Agregar Etiqueta
Sin Etiquetas, Sea el primero en etiquetar este registro!
|
| LEADER | 00627nam a22001935a 4500 | ||
|---|---|---|---|
| 001 | CEM.cems002803 | ||
| 005 | 20060220000000.0 | ||
| 008 | 130507s1979##################000#0#####d | ||
| 003 | CEMS | ||
| 082 | 0 | 4 | |a 657 |
| 100 | 1 | |a García Apolinar, Edgardo | |
| 245 | 1 | 0 | |a Contabilidad moderna 5 / |c Edgardo García Apolinar |
| 250 | |a 10 | ||
| 260 | |a Argentina : |b Troquel, |c 1979 | ||
| 300 | |a 426 p. | ||
| 653 | |a Contabilidad | ||
| 859 | |a CEMS |b BIB. CEMS - 11 de abril |h 657 |i G165a10/V |p 8007.80 |t Ej.1 | ||
| 859 | |a CEMS |b BIB. CEMS - 11 de abril |h 657 |i G165a10/V |p 8008.80 |t Ej.2 | ||
| 859 | |a CEMS |b BIB. CEMS - 11 de abril |h 657 |i G165a10/V |p 8009.80 |t Ej.3 | ||
